000 00454cam a22001571 4500
001 000005723
005 20200929151747.0
008 750925s1951 dr 000 0 spa
040 _aDO-SdBNP
_bspa
_cBNPHU
082 _axxxx
_bG166v
100 1 _aGallegos, Gerardo.
_916179
245 1 0 _aVision de un pueblo.
260 _aCiudad Trujillo, República Dominicana :
_bMontalvo,
_c1951.
300 _a190 p. ;
_c24 cm.
910 _aCatalogación por copia / LC
999 _c5519
_d5519